000 00889nam a22002537a 4500
005 20170124103030.0
010 _aA-454011
020 _c30.00
035 _aA-454011
037 _bCen Lib/Ret
040 _aDPL
_bHN
082 _a
_bबनाफ
100 _aबनाफर चन्द्र
_963613
245 _aबीता हुआ कल /
_cबनाफर चन्द्र
246 _aBeeta hua kal /
_bby Banafar Chander
260 _aदिल्ली
_bदिशा प्रकाशन
_c1990
270 _bदिल्ली
_a138/16, त्रिनगर
_e110035
300 _a96पृ.
_c21सेमी(सजिल्द)
650 _aहिन्दी साहित्य
_963614
650 _aउपन्यास
_963615
650 _aHindi literature
_963616
650 _aFiction
_98901
942 _2ddc
_cHN
_h
_mबनाफ
999 _c115865
_d115865